000 00358 a2200157 4500
001 150962
040 _cEscola São Tomás de Aquino
100 _aBANDEIRA, Pedro
240 1 0 _aA marca de uma lágrima
_lpor
245 1 0 _aA marca de uma lágrima
300 _a183
362 0 _a2014
440 1 _aModerna
697 _a*LITERATURA JUVENIL
942 _cBK
999 _c150962
_d150962